Loading...
| History - American | 0 | 3 | 0 | 2 | 30 | 69 | 100.33 | 1 | 1 | 7.32 | 16.67 |
| History - World | 2 | 0 | 0 | 1 | 30 | 16 | 33.50 | 1 | 1 | 16.12 | 9.72 |
| Fine Arts - Other | 0 | 2 | 0 | 0 | 20 | 90 | 103.00 | 1 | 2 | 5.93 | 20.83 |
| Literature - British | 1 | 0 | 0 | 0 | 15 | 76 | 76.00 | 1 | 1 | 5.56 | 11.11 |
| Science - Other | 1 | 0 | 0 | 0 | 15 | 39 | 39.00 | 0 | 1 | 8.47 | 10.94 |
| Fine Arts - Painting and Sculpture | 0 | 1 | 0 | 0 | 10 | 80 | 80.00 | 0 | 0 | 4.06 | 6.94 |
| History - Ancient/Other | 0 | 1 | 0 | 0 | 10 | 111 | 111.00 | 0 | 1 | 2.45 | 7.14 |
| Other Academic | 0 | 1 | 0 | 0 | 10 | 97 | 97.00 | 0 | 0 | 7.67 | 12.50 |
| History - European | 0 | 1 | 0 | 1 | 10 | 124 | 124.00 | 0 | 0 | 0.09 | 2.78 |
| Literature - European | 0 | 0 | 1 | 0 | -5 | 0.00 | 0 | 0 | 0.00 | 0.00 |